A guide to common butterflies of Singapore
| Main Author: | |
|---|---|
| Format: | Book |
| Published: |
Singapore :
Singapore Science Centre ,
1996
|
| Subjects: |
MARC
| LEADER | 00000cam a2200000 7i4500 | ||
|---|---|---|---|
| 001 | 0000000219 | ||
| 005 | 20000720.0 | ||
| 020 | 0 | 0 | |a 9971884879 |
| 090 | 0 | 0 | |a 595.7895957 |b NEO 1996 |
| 100 | 1 | 0 | |a NEO |h Say Hian, Steven |
| 245 | 1 | 2 | |a A guide to common butterflies of Singapore |c Steven Neo Say Hian |
| 260 | 0 | 0 | |a Singapore : |b Singapore Science Centre , |c 1996 |
| 300 | |a 169 p. : |b col. ill. ; |c 16 cm. | ||
| 500 | 0 | 0 | |a Includes index |
| 650 | 0 | 0 | |a Butterflies |z Singapore |
| 999 | |a 0000001100 |b Monograph |c Open Shelf |e Default branch | ||